000 00619nam a22002417a 4500
003 UA-OsUOA
001 75350
007 ta
008 20110518b un ||||| |||| 00| 0 ukr d
100 _aКоломієць О.Ф.
090 _a821.161.2
_bК61
942 _cBK
040 _aUA-OsUOA
_bukr
_cUA-OsUOA
_dUA-OsUOA
245 _aВибрані твори
300 _a352 с.
955 _a3
041 _aukr
080 _a821.161.2
020 _a978-966-349-047-2
260 _aК.
_bГрамота
_c2009
650 7 _a82 Література. Літературознавство
_2UDC
999 _c361648
_d361648